¿Qué evade el populismo penal?: en busca de su antónimo = ¿What avoid penal populism? : searching its antonym /
Gardado en:
| Autor Principal: | |
|---|---|
| Outros autores: | |
| Formato: | Texto |
| Etiquetas: |
Engadir etiqueta
Sen Etiquetas, Sexa o primeiro en etiquetar este rexistro!
|
MARC
| LEADER | 00000 a a2200000 04500 | ||
|---|---|---|---|
| 001 | 47880 | ||
| 003 | |||
| 040 | |||
| 100 | |a Arriagada, María Ignacia | ||
| 245 | |a ¿Qué evade el populismo penal?: en busca de su antónimo = |b ¿What avoid penal populism? : searching its antonym / |c María Ignacia Arriagada, Romina Nespolo | ||
| 700 | |a Nespolo, Romina | ||
| 773 | |g número11, (2012), páginas 52-65 : tablas, gráficos | ||
| 999 | |c 25114 |d 25114 | ||
